[Event "Unterfranken-ch M1 63th"]
[Site "Schweinfurt"]
[Date "2012.04.11"]
[Round "5"]
[White "Kunz, Konstantin"]
[Black "Kulagin, Alexander"]
[Result "1-0"]
[WhiteElo "2138"]
[BlackElo "2206"]
[PlyCount "79"]
[EventDate "2012.04.09"]
[EventType "swiss"]
[EventRounds "9"]
[EventCountry "GER"]
[SourceTitle "EXT 2015"]
[Source "ChessBase"]
[SourceDate "2014.11.20"]
[SourceVersion "1"]
[SourceVersionDate "2014.11.20"]
[SourceQuality "1"]

1. d4 Nf6 2. Nf3 g6 3. Bf4 c5 4. e3 Bg7 5. c3 cxd4 6. exd4 0-0 7. Nbd2 d6 8. Bc4 Nc6 9. 0-0 Qc7 10. Re1 h6 11. h3 Re8 12. Bh2 e5 13. dxe5 dxe5 14. Re2 Nh7 15. Qe1 Ng5 16. Bb3 Nxf3+ 17. Nxf3 Be6 18. Nxe5 Bxb3 19. Nxc6 Qxc6 20. axb3 Qb5 21. Rxe8+ Rxe8 22. Qd1 a6 23. b4 Re2 24. Rb1 g5 25. Bc7 Re6 26. Qd8+ Re8 27. Qd6 Re6 28. Qd8+ Re8 29. Qd2 Re2 30. Qd1 Re6 31. Qf1 Qd7 32. Bg3 Qd2 33. Qd1 Qxd1+ 34. Rxd1 Re2 35. Rb1 f5 36. Kf1 Re7 37. f3 Kf7 38. Rd1 f4 39. Bf2 Ke8 40. Re1 1-0

[Event "Oberliga Bayern 1112"]
[Site "Bayern"]
[Date "2012.03.18"]
[Round "8.5"]
[White "Schueller, Ernst"]
[Black "Kulagin, Alexander"]
[Result "1-0"]
[WhiteElo "2147"]
[BlackElo "2234"]
[PlyCount "121"]
[EventDate "2011.10.02"]
[EventType "team-tourn"]
[EventRounds "9"]
[EventCountry "GER"]
[SourceTitle "EXT 2015"]
[Source "ChessBase"]
[SourceDate "2014.11.20"]
[SourceVersion "1"]
[SourceVersionDate "2014.11.20"]
[SourceQuality "1"]
[WhiteTeam "Passau"]
[BlackTeam "Bad Koenigshofen"]
[WhiteTeamCountry "GER"]
[BlackTeamCountry "GER"]

1. Nf3 Nf6 2. g3 g6 3. Bg2 Bg7 4. 0-0 0-0 5. c4 d6 6. Nc3 Nc6 7. Rb1 a5 8. a3 e5 9. d3 h6 10. b4 axb4 11. axb4 Be6 12. e4 Ne7 13. Bd2 c6 14. Qc1 Kh7 15. Qb2 Qd7 16. Ra1 Rab8 17. Ra3 Bh3 18. Rfa1 Bxg2 19. Kxg2 Nh5 20. Be3 Nf4+ 21. Bxf4 exf4 22. Qe2 Rbe8 23. Qd1 f5 24. R1a2 Rf7 25. exf5 Nxf5 26. Ne4 d5 27. cxd5 cxd5 28. Nc5 Qd6 29. d4 b6 30. Nd3 fxg3 31. hxg3 Nxd4 32. Nxd4 Bxd4 33. Ra7 Ree7 34. Rxe7 Qxe7 35. Re2 Qf6 36. Nf4 g5 37. Qd3+ Qf5 38. Qxd4 gxf4 39. Re5 Qg6 40. Qxd5 fxg3 41. fxg3 Qc2+ 42. Kh3 Qf2 43. Qe4+ Kg7 44. Qg4+ Kh7 45. Qe4+ Kg7 46. Re6 Rf6 47. Re7+ Rf7 48. Qe5+ Qf6 49. Re6 Qxe5 50. Rxe5 Rf6 51. Kg4 Kg6 52. Kh4 Rd6 53. g4 Rf6 54. Rd5 Re6 55. b5 Rf6 56. Rd7 Rf3 57. Rd6+ Rf6 58. Rd7 Rf3 59. Rc7 Rf6 60. Rc6 Kf7 61. Kh5 1-0

[Event "Regionalliga NW 0304"]
[Site "Bayern"]
[Date "2003.12.14"]
[Round "4.3"]
[White "Kulagin, Alexander"]
[Black "Seidens, Udo"]
[Result "1-0"]
[WhiteElo "2059"]
[BlackElo "2151"]
[PlyCount "137"]
[EventDate "2003.10.12"]
[EventType "team-tourn"]
[EventRounds "9"]
[EventCountry "GER"]
[SourceTitle "EXT 2006"]
[Source "ChessBase"]
[SourceDate "2005.11.24"]
[SourceVersion "1"]
[SourceVersionDate "2005.11.24"]
[SourceQuality "1"]
[WhiteTeam "Koenigshofen"]
[BlackTeam "Schweinfurt"]
[WhiteTeamCountry "GER"]
[BlackTeamCountry "GER"]

1. Nf3 d5 2. g3 Nf6 3. Bg2 Bf5 4. 0-0 e6 5. d3 Be7 6. Nbd2 c6 7. Qe1 0-0 8. e4 Bg6 9. Ne5 Nbd7 10. Nxg6 hxg6 11. e5 Ne8 12. Qe2 Kh7 13. Nf3 Rh8 14. h4 Kg8 15. Bg5 Nc7 16. Rae1 a5 17. Bh3 a4 18. a3 Nc5 19. Bxe7 Qxe7 20. Qe3 Nd7 21. Qf4 Ra6 22. Re2 Nf8 23. d4 Rb6 24. c3 Nh7 25. Bg4 Nf8 26. Rfe1 Rb5 27. Qc1 Ra5 28. Qc2 Rh6 29. Kg2 Nh7 30. Qd2 Ra6 31. Rh1 Nf8 32. Qf4 Rh8 33. Ne1 Nh7 34. Qe3 b6 35. Nd3 Ra5 36. Nb4 Qd7 37. Qf4 c5 38. Nd3 Qe7 39. Ree1 Nf8 40. Qe3 Na6 41. Rc1 c4 42. Ne1 Nb8 43. f4 Rb5 44. Rc2 Nc6 45. Rf2 Qd8 46. Bd1 Ra5 47. Nf3 Ne7 48. g4 Rh6 49. Bc2 Ra7 50. Ng5 Qd7 51. Kf1 Qb5 52. Bd1 Nh7 53. Rfh2 Nxg5 54. hxg5 Rxh2 55. Rxh2 Kf8 56. Rh8+ Ng8 57. Qf2 Ra8 58. Qh2 Ke7 59. Rh7 Kf8 60. f5 exf5 61. gxf5 Qd7 62. e6 Qe7 63. exf7 Kxf7 64. Bf3 Rd8 65. Qf4 Ke8 66. f6 Nxf6 67. gxf6 Qxf6 68. Qxf6 gxf6 69. Rh8+ 1-0

[Event "Bad Koenigshofen 1st"]
[Site "Bad Koenigshofen"]
[Date "2003.03.25"]
[Round "8"]
[White "Jahrsdoerfer, Gerd"]
[Black "Kulagin, Alexander"]
[Result "1-0"]
[WhiteElo "2136"]
[BlackElo "2324"]
[PlyCount "39"]
[EventDate "2003.03.18"]
[EventType "swiss"]
[EventRounds "11"]
[EventCountry "GER"]
[EventCategory "1"]
[SourceTitle "CBM 093 Extra"]
[Source "ChessBase"]
[SourceDate "2003.05.09"]
[SourceVersion "1"]
[SourceVersionDate "2003.05.09"]
[SourceQuality "1"]

1. e4 g6 2. d4 Bg7 3. Nc3 d6 4. Bg5 c6 5. Qd2 b5 6. f4 Nf6 7. Bd3 0-0 8. Nf3 Nbd7 9. 0-0 b4 10. Ne2 a5 11. c3 c5 12. e5 Ne8 13. Ng3 f6 14. exf6 exf6 15. Bh4 Ba6 16. Rad1 bxc3 17. bxc3 a4 18. Bxa6 Rxa6 19. dxc5 Nxc5 20. Qd5+ 1-0

[Event "Bad Koenigshofen 1st"]
[Site "Bad Koenigshofen"]
[Date "2003.03.25"]
[Round "9"]
[White "Kulagin, Alexander"]
[Black "Rink, Christian"]
[Result "1/2-1/2"]
[WhiteElo "2324"]
[BlackElo "2124"]
[PlyCount "94"]
[EventDate "2003.03.18"]
[EventType "swiss"]
[EventRounds "11"]
[EventCountry "GER"]
[EventCategory "1"]
[SourceTitle "CBM 093 Extra"]
[Source "ChessBase"]
[SourceDate "2003.05.09"]
[SourceVersion "1"]
[SourceVersionDate "2003.05.09"]
[SourceQuality "1"]

1. Nf3 e6 2. g3 b6 3. Bg2 Bb7 4. 0-0 Nf6 5. c4 Be7 6. d4 0-0 7. Re1 Ne4 8. Nfd2 f5 9. Nxe4 fxe4 10. d5 exd5 11. cxd5 Bc5 12. e3 Qf6 13. Nc3 Qxf2+ 14. Kh1 Qf5 15. Nxe4 Bb4 16. Nc3 Qe5 17. Qb3 Bd6 18. Nb5 Na6 19. Nxd6 Qxd6 20. e4 Qb4 21. Bf4 Qxb3 22. axb3 Nc5 23. Re3 c6 24. b4 Na6 25. dxc6 dxc6 26. Rea3 Nxb4 27. Rxa7 Nd3 28. Bd6 Rfe8 29. e5 Nxb2 30. Rxa8 Rxa8 31. Rc1 Nd3 32. Rf1 Nc5 33. Bh3 Ne4 34. Be6+ Kh8 35. Rf7 Ng5 36. Rxb7 Nxe6 37. Rxb6 Kg8 38. Rb7 Ng5 39. h4 Ne4 40. Rc7 Ra2 41. Rxc6 Nxg3+ 42. Kg1 Ne2+ 43. Kf1 Nd4 44. Rc8+ Kf7 45. Rc7+ Kg6 46. h5+ Kxh5 47. Rxg7 Nf5 1/2-1/2

[Event "Saint Affrique op 05th"]
[Site "Saint Affrique"]
[Date "1997.??.??"]
[Round "3"]
[White "Degraeve, Jean Marc"]
[Black "Kulagin, Alexander"]
[Result "1-0"]
[WhiteElo "2540"]
[BlackElo "2260"]
[PlyCount "69"]
[EventDate "1997.07.??"]
[EventType "swiss"]
[EventRounds "9"]
[EventCountry "FRA"]
[SourceTitle "EXT 1999"]
[Source "ChessBase"]
[SourceDate "1998.11.16"]
[SourceVersion "1"]
[SourceVersionDate "1998.11.16"]
[SourceQuality "1"]

1. e4 g6 2. d4 Bg7 3. c4 d6 4. Nc3 Nf6 5. Bd3 0-0 6. Nge2 c5 7. d5 e6 8. h3 exd5 9. exd5 Nbd7 10. f4 a6 11. a4 Nh5 12. g4 Qh4+ 13. Kd2 Nhf6 14. Kc2 Ne8 15. Bd2 Qe7 16. Ng3 Rb8 17. g5 f5 18. h4 Nc7 19. a5 b5 20. axb6 Nxb6 21. h5 Ne8 22. Ra3 Qb7 23. Rb3 Bd7 24. Qe2 Qc7 25. Ra3 a5 26. Qh2 a4 27. hxg6 hxg6 28. Qh7+ Kf7 29. Rh6 Qb7 30. Bc1 Qa6 31. Nb5 Nxc4 32. Bxc4 Bxb5 33. Re3 Bxc4 34. Qxg6+ Kg8 35. Qh7+ 1-0

[Event "Saint Affrique op 05th"]
[Site "Saint Affrique"]
[Date "1997.??.??"]
[Round "6"]
[White "Kulagin, Alexander"]
[Black "Flear, Glenn C"]
[Result "1/2-1/2"]
[WhiteElo "2260"]
[BlackElo "2475"]
[PlyCount "61"]
[EventDate "1997.07.??"]
[EventType "swiss"]
[EventRounds "9"]
[EventCountry "FRA"]
[SourceTitle "EXT 1999"]
[Source "ChessBase"]
[SourceDate "1998.11.16"]
[SourceVersion "1"]
[SourceVersionDate "1998.11.16"]
[SourceQuality "1"]

1. Nf3 d5 2. d4 e6 3. c4 dxc4 4. g3 c5 5. Qa4+ Nc6 6. Bg2 Bd7 7. Qxc4 cxd4 8. Nxd4 Rc8 9. Nc3 Nf6 10. 0-0 Be7 11. Nxc6 Bxc6 12. Rd1 Qa5 13. Bxc6+ Rxc6 14. Qb5 Qxb5 15. Nxb5 a6 16. Nd4 Rc8 17. Bd2 0-0 18. Rac1 h6 19. Rxc8 Rxc8 20. Rc1 Rd8 21. Nb3 Ne4 22. Ba5 Rd5 23. Rc7 Bf6 24. Rxb7 Bxb2 25. Rb6 Bd4 26. Rb8+ Kh7 27. e3 Bc3 28. Bxc3 Nxc3 29. Ra8 Rd6 30. Nc5 Nxa2 31. Rxa6 1/2-1/2

[Event "Budapest Spring op 09th"]
[Site "Budapest"]
[Date "1993.??.??"]
[Round "3"]
[White "Kulagin, Alexander"]
[Black "Maiwald, Jens Uwe"]
[Result "0-1"]
[WhiteElo "2265"]
[BlackElo "2400"]
[PlyCount "105"]
[EventDate "1993.03.??"]
[EventType "swiss"]
[EventRounds "9"]
[EventCountry "HUN"]
[SourceTitle "EXT 1998"]
[Source "ChessBase"]
[SourceDate "1997.11.17"]
[SourceVersion "1"]
[SourceVersionDate "1997.11.17"]
[SourceQuality "1"]

1. Nf3 Nf6 2. g3 d5 3. Bg2 c6 4. 0-0 Bg4 5. d3 Nbd7 6. Nbd2 e6 7. e4 Bd6 8. Qe1 Qc7 9. h3 Bxf3 10. Nxf3 0-0 11. Bg5 dxe4 12. dxe4 Bc5 13. e5 Nd5 14. c4 Nb4 15. Qe2 a5 16. Bf4 Be7 17. a3 Na6 18. Qc2 h6 19. h4 Nac5 20. b3 Rfd8 21. Rfd1 Nf8 22. h5 Qb6 23. Rab1 Rxd1+ 24. Qxd1 Rd8 25. Qc2 Na6 26. Be3 Bc5 27. Bxc5 Qxc5 28. Qb2 Nd7 29. Bf1 Qb6 30. b4 axb4 31. axb4 c5 32. b5 Nb4 33. Rd1 Nf8 34. Qb3 Qc7 35. Rxd8 Qxd8 36. Qe3 b6 37. Qd2 Qa8 38. Qe3 Qa1 39. Qd2 Qa3 40. Kg2 Qa8 41. Be2 Qe4 42. Kg1 Kh7 43. Qd1 g6 44. hxg6+ Nxg6 45. Bf1 Kg7 46. Kh2 Nxe5 47. Nxe5 Qxe5 48. Qd8 Qf6 49. Qxb6 Qxf2+ 50. Bg2 Nc2 51. Qc6 Ne3 52. b6 Ng4+ 53. Kh3 0-1

[Event "Katowice op"]
[Site "Katowice"]
[Date "1992.??.??"]
[Round "1"]
[White "Ikonnikov, Vyacheslav"]
[Black "Kulagin, Alexander"]
[Result "1-0"]
[WhiteElo "2490"]
[BlackElo "2250"]
[PlyCount "83"]
[EventDate "1992.01.28"]
[EventType "swiss"]
[EventRounds "9"]
[EventCountry "POL"]
[SourceTitle "TD"]
[Source "ChessBase"]
[SourceDate "1994.03.01"]
[SourceVersion "1"]
[SourceVersionDate "1994.03.01"]
[SourceQuality "1"]

1. d4 Nf6 2. Nf3 g6 3. c4 Bg7 4. Nc3 0-0 5. e4 d6 6. Be2 e5 7. 0-0 Nc6 8. d5 Ne7 9. Ne1 Nd7 10. Be3 f5 11. f3 f4 12. Bf2 g5 13. a4 Rf7 14. Nb5 a6 15. Na7 Nf6 16. Nxc8 Qxc8 17. c5 g4 18. Nd3 g3 19. Be1 gxh2+ 20. Kxh2 Ng6 21. Rh1 Bf8 22. Rc1 Qd8 23. Kg1 Rg7 24. b4 Ne8 25. Nf2 Qg5 26. Rh2 h5 27. a5 Nh8 28. Bd3 Nf7 29. c6 bxc6 30. Rxc6 Nh6 31. Rxa6 Rb8 32. Rc6 Nf6 33. Qc1 Nhg4 34. fxg4 hxg4 35. Nd1 g3 36. Rh3 Qg4 37. Qd2 Qg6 38. Qe2 Qg4 39. Qf3 Rh7 40. Rxh7 Kxh7 41. Rxc7+ Bg7 42. b5 1-0

[Event "Caorle op-A"]
[Site "Caorle"]
[Date "1991.07.13"]
[Round "9.18"]
[White "Tamai, Roberto"]
[Black "Kulagin, Alexander"]
[Result "1-0"]
[WhiteElo "2295"]
[BlackElo "2200"]
[PlyCount "75"]
[EventDate "1991.07.05"]
[EventType "swiss"]
[EventRounds "9"]
[EventCountry "ITA"]
[SourceTitle "EXT 2023"]
[Source "ChessBase"]
[SourceDate "2022.10.05"]
[SourceVersion "1"]
[SourceVersionDate "2022.10.05"]
[SourceQuality "1"]

1. e4 c5 2. Nf3 d6 3. Bb5+ Bd7 4. Bxd7+ Qxd7 5. 0-0 e6 6. c3 Nf6 7. Qe2 Be7 8. d4 cxd4 9. cxd4 0-0 10. Nc3 Nc6 11. d5 exd5 12. exd5 Nb4 13. Rd1 Rfe8 14. a3 Bd8 15. Qc4 Na6 16. b4 Rc8 17. Qd3 Bb6 18. h3 Bxf2+ 19. Kh2 Bb6 20. Rf1 Qc7 21. Bd2 Qc4 22. Qf5 Bd4 23. Rac1 g6 24. Qg5 Nh5 25. Ne4 Qd3 26. Nxd6 Rxc1 27. Rxc1 Bf6 28. Qg4 Re2 29. Qc8+ Kg7 30. Ne8+ Rxe8 31. Qxe8 Qxd5 32. Rc8 Qd6+ 33. Kg1 Bd4+ 34. Nxd4 Qxd4+ 35. Be3 Qd1+ 36. Kf2 g5 37. Qh8+ Kg6 38. Rg8+ 1-0